000
00329nam a22001337a 4500
008
210322b ||||| |||| 00| 0 eng d
041
_a
eng
080
_a
541
082
_a
541
100
_a
12
101
_a
KIM
245
_a
Structure Elucidation of Natural Products by Mass Spectrometry
_c
Budzikiewicz, H
942
_2
udc
_c
BK
999
_c
56630
_d
56630